000 01164cab a2200337 4500
001 ABS54084
008 090401t1995 xxu||||| |||| 00| 0 eng d
035 _a(Sirsi) u8386
041 _aeng
100 _aAarons, L.
245 _aGaming property: investment and valuation
260 _c1995
350 _a0
490 _aProperty Review
_v5(9) November 1995, 285-288(4)
520 _aExamines factors to be taken into consideration when investing in, or valuing, gaming properties, such as the difficulty in getting a licence, profits, Gaming Act 1968, security, location and any limits on winnings.
650 _aBINGO CLUBS
650 _aCASINOS
650 _aDOG TRACKS
650 _aGAMING ACT 1968
650 _aGAMING LICENCE
650 _aGAMING PROPERTIES
650 _aHORSE RACE COURSES
650 _aSPORTS STADIA
650 _aVALUATION ISSUES
650 _aVALUATION METHODS
690 _aPROPERTY-COMMERCIAL PROPERTY-COMMERCIAL PROPERTY FINANCE AND INVESTMENT
690 _aPROPERTY-COMMERCIAL PROPERTY-COMMERCIAL PROPERTY APPRAISAL AND VALUATION
690 _aRATING AND VALUATION
942 _n0
948 _c04/03/1997
999 _c5159
_d5159